| 000 | 00000nam##2200000za#4500 |
| 001 | 9.572412 |
| 003 | CaOODSP |
| 005 | 20220111083057 |
| 007 | cr ||||||||||| |
| 008 | 150406|1993||||xxc|||||o f|0| 0 eng|d |
| 022 | |a1928-6414 |
| 040 | |aCaOODSP|beng |
| 043 | |an-cn--- |
| 086 | 1 |aNE22-1/1993-4E-PDF |
| 110 | 1 |aCanada. |bNational Energy Board. |
| 245 | 10|aReasons for decision in the matter of Altamont Gas Transmission Canada Limited : |h[electronic resource]|bapplication dated 26 July 1991 for gas transmission pipeline facilities, preliminary question of jurisdiction |
| 246 | 1 |iVariant title : |aAltamont Gas Transmission Canada Limited |
| 260 | |aCalgary - Alberta : |bNational Energy Board |cFebruary 1993. |
| 300 | |a53p.|bmaps |
| 490 | 1 |aReasons for decision|x1928-6414|vGHW-1-92 |
| 500 | |aThe catalogue number (NE22-1/1993-4E) and ISBN (0-662-20401-8) for the print edition have been incorrectly copied in this electronic publication. |
| 590 | |a12-06-Supp|b2012-03-07 |
| 775 | 08|tMotifs de décision relativement à Altamont Gas Transmission Canada Limited : |w(CaOODSP)9.602765 |
| 776 | 0#|tIn the matter of: Altamont Gas Transmission Canada Limited : |w(CaOODSP)9.608736 |
| 830 | #0|aReasons for decision (Canada. National Energy Board)|x1928-6414|vGHW-1-92|w(CaOODSP)9.504480 |
| 856 | 40|ahttp://publications.gc.ca|qPDF|s292 KB|uhttps://publications.gc.ca/collections/Collection/NE22-1-1993-4E.pdf|yGHW-1-92 |